00486nam a2200169Ia 450000500170000000800410001702000150005808200130007310000140008624500170010026000430011730000120016050000250017294200060019795200980020399900150030120250701021201.0240331s9999 xx 000 0 und d a9552102065 bBOTa891 aBotheju,L 0aGanga addara aColombobM.D.Gunasena Books & Coc1990 a230 p., aA story of the River cL 001040708LaWERCLbWERCLcSSCd2024-03-31l0o 891.48 BOTp1026r2024-03-31w2024-03-31yL c4795d4795